Descripçâo da Peninsula Ibérica (Record no. 53446)

MARC details
000 -LEADER
campo de control de longitud fija 00652nam a22002055i 4500
001 - NÚMERO DE CONTROL
campo de control 53446
003 - IDENTIFICADOR DE NÚMERO DE CONTROL
campo de control ES-MaACL
005 - FECHA Y HORA DE LA ÚLTIMA TRANSACCIÓN
campo de control 20250814064713.0
007 - CAMPO FIJO DE DESCRIPCIÓN FÍSICA--INFORMACIÓN GENERAL
campo de control de longitud fija t|
008 - DATOS DE LONGITUD FIJA--INFORMACIÓN GENERAL
campo de control de longitud fija 950927s1878 po ||||1| por d
040 ## - FUENTE DE CATALOGACIÓN
Centro catalogador/agencia de origen CAM
Lengua de catalogación spa
Centro/agencia transcriptor CAM
100 0# - ENTRADA PRINCIPAL--NOMBRE DE PERSONA
Nombre de persona Estrabón.
9 (RLIN) 48188
245 10 - MENCIÓN DEL TÍTULO
Título Descripçâo da Peninsula Ibérica
Resto del título : livro 3º da Geographia de Strabao (1ª parte) /
Mención de responsabilidad, etc. versâo de Gabriel Pereira.
260 ## - PUBLICACIÓN, DISTRIBUCIÓN, ETC.
Lugar de publicación, distribución, etc. Evora :
Nombre del editor, distribuidor, etc. [s.n.],
Fecha de publicación, distribución, etc. 1878 (
Fabricante Typ. de F.C. Bravo)
300 ## - DESCRIPCIÓN FÍSICA
Extensión VII, 33 p. ;
Dimensiones 21 cm.
650 #7 - PUNTO DE ACCESO ADICIONAL DE MATERIA--TÉRMINO DE MATERIA
Término de materia o nombre geográfico como elemento de entrada Geografía antigua
Fuente del encabezamiento o término embne
9 (RLIN) 136173
700 1# - ENTRADA AGREGADA--NOMBRE PERSONAL
Nombre de persona Pereira, Gabriel.
9 (RLIN) 90471
852 ## - LOCALIZACIÓN
Ubicación ES-MaACL
Número de control de estantería T-425-F-10
Holdings
Estatus retirado Estado de pérdida Estado de daño No para préstamo Colección Biblioteca de origen Biblioteca actual Ubicación en estantería Fecha de adquisición Fuente de adquisición Total de préstamos Signatura topográfica completa Código de barras Visto por última vez Precio de reemplazo Tipo de ítem Koha
        Colección de folletos Biblioteca del Ateneo de Madrid Biblioteca del Ateneo de Madrid Depósito folletos 17/01/2008     T-425-F-10 1056159 23/02/2023 23/02/2023 Folleto